000
00217 a2200097 4500
001
42482
100
_a
Burden R.A
245
_a
Falklands the air war
260
_a
London
_b
Arms & Armour p
_c
090
_c
26395
_d
26395
942
_a
NUST-CAE
_c
M
_c
18219
999
_c
277555
_d
277555